004880000a22001570004500003001100000005001700011008004100028040003900069041000800108082001800116100002500134245007600159260003000235300002000265650004500285LK-CoMWRAF20231125123004.0230817t1980 ||||| |||| 00| 0 eng d aLK-CoMWRAFdLK-CoMWRAFeLK-CoMWRAF aeng a346.5493bGOO aGoonesekere, Savitri aThe legal status of the female in the Sri Lanka law on family relations aColombo:bGunasena,c1980 a112 p. ; 23 cm. aWomen -- Legal status, laws, - Sri Lanka